Statystyki dla Wszystkie kluby Ekstraklasy

Kliknij tutaj aby rozwiązać quiz!

Ogólne statystyki

  • Ten quiz został rozwiązany 194 razy
  • Średni wynik to 31 z 86

Statystyki odpowiedzi

Kluby% Poprawnych
Legia Warszawa
97%
Lech Poznań
96%
Wisła Kraków
88%
Lechia/Olimpia Gdańsk
84%
Cracovia
80%
Pogoń Szczecin
80%
Górnik Zabrze
76%
Ruch Chorzów
76%
Jagiellonia Białystok
75%
Śląsk Wrocław
75%
Widzew Łódź
75%
Wisła Płock
75%
Arka Gdynia
73%
Warta Poznań
72%
Raków Częstochowa
71%
ŁKS Łódź
70%
Polonia Warszawa
69%
Zagłębie Lubin
69%
Radomiak Radom
67%
Korona Kielce
64%
GKS Katowice
62%
Stal Mielec
61%
Piast Gliwice
59%
Górnik Łęczna
58%
Miedź Legnica
58%
Zagłębie Sosnowiec
55%
Polonia Bytom
52%
Termalica Nieciecza
52%
Zawisza Bydgoszcz
52%
Podbeskidzie Bielsko-Biała
49%
Motor Lublin
48%
GKS Tychy
47%
Amica Wronki
46%
Odra Opole
46%
Stal Rzeszów
42%
Hutnik Kraków
41%
Stomil Olsztyn
40%
Dyskobolia Grodzisk Wielkopolski
39%
GKS Bełchatów
39%
Sandecja Nowy Sącz
39%
Pogoń Lwów
38%
Odra Wodzisław Śląski
31%
Szombierki Bytom
31%
Garbarnia Kraków
30%
Górnik Polkowice
26%
Stal Stalowa Wola
24%
Gwardia Warszawa
23%
GKS Jastrzębie
22%
Górnik Wałbrzych
22%
KSZO Ostrowiec Świętokrzyski
22%
SIarka Tarnobrzeg
21%
ROW Rybnik
21%
Ruch Radzionków
20%
Bałtyk Gdynia
18%
RKS Radomsko
17%
Olimpia Poznań
16%
Świt Nowy Dwór Mazowiecki
16%
Szczakowianka Jaworzno
15%
Warszawianka
13%
Polonia Bydgoszcz
11%
Sokół Pniewy
11%
Czarni Lwów
10%
Tarnovia
9%
Klub Turystów Łódź
8%
Lechia Gdańsk
8%
Sokół Tychy
8%
Wawel Kraków
8%
Zagłębie Wałbrzych
8%
Arkonia Szczecin
7%
Dąb Katowice
7%
FC Katowice
7%
Górnik Radlin
7%
Igloopol Dębica
7%
Jutrzenka Kraków
7%
Śmigły Wilno
6%
Union-Touring Łódź
6%
AKS Chorzów
5%
Hasmonea Lwów
5%
Lechia Lwów
5%
Rymer Niedobczyce
5%
Śląsk Świętochłowice
5%
TKS Toruń
5%
Unia Racibórz
5%
ŁTSG Łódź
4%
WKS 22pp Siedlce
2%
Podgóze Kraków
0%

Rozkład punktacji

Percentyl według liczby udzielonych odpowiedzi

Procent ludzi z każdym wynikiem

Twoja historia wyników

Nie rozwiązałeś tego quizu